| 000 | 00685nam a2200193 a 4500 | ||
|---|---|---|---|
| 008 | 120416s2002 ||||||||||||||||| || u | ||
| 020 | _a0415252393 | ||
| 050 | _aHD 1714 Mer | ||
| 100 | _aMerrett, Stephen | ||
| 245 | 1 | 0 | _aWater for agriculture |
| 246 | _airrigation economics in international perspectives | ||
| 260 |
_aLondon _bSpon Press _c2002 |
||
| 300 | _axii, 235p. : ill. | ||
| 350 | _a0.00 | ||
| 500 | _aIncludes bibliographical references (p. ). | ||
| 650 | _aWATER | ||
| 650 | _aIRRIGATION--ECONOMIC ASPECTS | ||
| 995 |
_D0.00 _FCBU-MAIN LIBRARY (Kitwe) _H1 _I19.99 _M1 _UAVAILABLE _ZMain Library Open Access Collection |
||
| 999 |
_c61474 _d61474 |
||